000
00239nam a2200097Ia 4500
001
655184
005
20250826154532.0
008
250824s9999 xx 000 0 und d
245
0
_a
Ganga Gökkuş Diz
_c
Gülten Dayıoğlu
260
_b
ALTIN
999
_c
655184
_d
655184